US States that Contain the letter H - Statistics

General Stats
  • This quiz has been taken 156 times
  • The average score is 13 of 14
Answers on the Map
Answers color-coded by a green-red scale on the quiz's map according to % correct below.
 
Answer Stats
Answer % Correct
Hawaii
99%
North Carolina
96%
North Dakota
96%
South Carolina
95%
South Dakota
95%
New Hampshire
94%
Idaho
93%
Massachusetts
93%
Michigan
93%
Ohio
93%
Rhode Island
93%
Washington
93%
Oklahoma
90%
Utah
89%
No matching quizzes found
Score Distribution
Percent of People with Each Score
Percentile by Number Answered
Your Score History
You have not taken this quiz